000 00251nam a22000857a 4500
008 160714b xxu||||| |||| 00| 0 eng d
100 _92841
_a Galens, J., et al
245 _aThe Handy Biology Answer Book For Kids
260 _aCanton
_bVisible Ink Press
_c2002
999 _c2426
_d2426